000
00329nam a2200133Ia 4500
008
191201s2008 xx 000 0 und d
100
_a
TRPIATHI, P C
245
0
_a
Personnel Management and Industrial Relations
250
_a
Rep.
260
_a
N.Delhi
_b
Sultan Chand
_c
2008
300
_a
misc.
650
_a
MBA
942
_2
ddc
_c
BK
999
_c
3618
_d
3618